Normal view
MARC view
- علم الحيوان
Entry Topical Term
001 - CONTROL NUMBER
- control field: 9897
003 - CONTROL NUMBER IDENTIFIER
- control field: JO-AjAnu
005 - DATE AND TIME OF LATEST TRANSACTION
- control field: 20230606071906.0
008 - FIXED-LENGTH DATA ELEMENTS
- fixed length control field: 230606|| aca||aabn | a|a d
040 ## - CATALOGING SOURCE
- Original cataloging agency: JO-AjAnu
- Transcribing agency: JO-AjAnu
150 ## - HEADING--TOPICAL TERM
- Topical term or geographic name entry element: علم الحيوان
670 ## - SOURCE DATA FOUND
- Source citation: Work cat.: (JO-AjAnu)5100: هيكمان ، واخرون ؛ ترجمة ماهر خليفة ؛ مراجعة عبدالحميد حمدي , author 9896, الاساسيات المتكاملة لعلم الحيوان ج4